Oasis ottomanes : Dakhla et Kharga dans l'Egypte des XVIe-XIXe siècles /
Main Author:
Format: Book
Language: French
Published:
Le Caire :
Institut français d'archéologie orientale,
2023.
Series:
Cahier des Annales Islamologiques ;
36.
CAI ;
36.
Subjects:
Tags: Add Tag
Call Number: DS41 .C24 v.36
| LEADER | 01029nam a22002777a 4500 | ||
|---|---|---|---|
| 003 | OSt | ||
| 005 | 20260205124644.0 | ||
| 008 | 260205t2023 ua a b 001 0 fre d | ||
| 020 | |a 9782724709766 | ||
| 040 | |c ARCE Library | ||
| 050 | 1 | 4 | |a DS41 |b .C24 v.36 |
| 100 | 1 | |a Michel, Nicolas, |e author | |
| 245 | 1 | 0 | |a Oasis ottomanes : |b Dakhla et Kharga dans l'Egypte des XVIe-XIXe siècles / |c Nicolas Michel. |
| 264 | 1 | |a Le Caire : |b Institut français d'archéologie orientale, |c 2023. | |
| 300 | |a ix, 227 pages : |b illustrations ; |c 24 cm. |f | ||
| 490 | 0 | |a Cahier des Annales Islamologiques ; |v 36. | |
| 490 | 0 | |a CAI ; |v 36. | |
| 500 | |a Sommaire disponible à l'adresse. | ||
| 500 | |a Texte en français. Résumés en français et en anglais en 4e de couverture. | ||
| 504 | |a Includes bibliographical references and indexes. | ||
| 650 | 0 | |a Dakhla Oasis (Egypt) |x Antiquities. | |
| 650 | 0 | |a Kharga (Egypt : Oasis) |x Antiquities. | |
| 651 | 0 | |a Egypt |y 1517-1882. | |
| 901 | |a reviewed | ||
| 942 | |2 lcc |c BK | ||
| 999 | |c 58292 |d 58292 | ||
